[Event "Goiania FEXEG Cup"]
[Site "Goiania"]
[Date "2020.02.16"]
[Round "5"]
[White "Ribeiro, Fabiano Pinto"]
[Black "De Faria, Joao Vitor Rodrigue"]
[Result "1-0"]
[WhiteElo "1842"]
[BlackElo "1494"]
[PlyCount "73"]
[EventDate "2020.02.14"]
[EventType "swiss"]
[EventRounds "5"]
[EventCountry "BRA"]
[SourceTitle "CBM 195 Extra"]
[Source "ChessBase"]
[SourceDate "2020.05.31"]
[SourceVersion "1"]
[SourceVersionDate "2020.05.31"]
[SourceQuality "1"]

1. d4 d5 2. Nf3 Nf6 3. Bf4 e6 4. e3 Be7 5. Bd3 Nbd7 6. h3 b6 7. 0-0 0-0 8. Nbd2 Bb7 9. Ne5 c5 10. c3 Rc8 11. Qe2 c4 12. Bc2 Bd6 13. Nxf7 Rxf7 14. Bxd6 Qe8 15. Nf3 Nb8 16. Ne5 Rd7 17. Nxd7 Qxd7 18. Bh2 Qc6 19. f3 Re8 20. e4 dxe4 21. fxe4 Nbd7 22. e5 Nd5 23. Bxh7+ Kxh7 24. Qh5+ Kg8 25. Qxe8+ Kh7 26. Qh5+ Kg8 27. Rf3 Ne3 28. Qg5 Nf5 29. Raf1 Qe4 30. g4 Qe2 31. Qf4 Nh4 32. R3f2 Qd3 33. Qf7+ Kh7 34. Qh5+ Kg8 35. Qxh4 Qe4 36. Rf3 Qe2 37. Qf2 1-0

[Event "Goiania FEXEG Cup"]
[Site "Goiania"]
[Date "2020.02.14"]
[Round "1"]
[White "De Paiva Filho, Luiz Americo"]
[Black "De Faria, Joao Vitor Rodrigue"]
[Result "1-0"]
[WhiteElo "1940"]
[BlackElo "1494"]
[PlyCount "84"]
[EventDate "2020.02.14"]
[EventType "swiss"]
[EventRounds "5"]
[EventCountry "BRA"]
[SourceTitle "CBM 195 Extra"]
[Source "ChessBase"]
[SourceDate "2020.05.31"]
[SourceVersion "1"]
[SourceVersionDate "2020.05.31"]
[SourceQuality "1"]

1. e4 c5 2. Nc3 Nc6 3. g3 g6 4. Bg2 Bg7 5. Nge2 Nf6 6. 0-0 0-0 7. d3 d6 8. h3 Bd7 9. Be3 Rb8 10. d4 cxd4 11. Nxd4 Ne5 12. Qe2 a6 13. f4 Nc6 14. Rfd1 Qc8 15. Kh2 Nxd4 16. Bxd4 b5 17. e5 dxe5 18. Bxe5 Rb6 19. Qf2 Re6 20. Qd4 Bc6 21. Rd2 Bxg2 22. Kxg2 Qc4 23. Qxc4 bxc4 24. Rad1 Rb6 25. Na4 Rb5 26. Rd8 e6 27. Rxf8+ Kxf8 28. Rd8+ Ke7 29. Rc8 Rb4 30. Nc5 a5 31. Rc7+ Ke8 32. Bd6 Rb8 33. Re7+ Kd8 34. Nb7+ Rxb7 35. Rxb7 Ne4 36. Ba3 Ke8 37. Rb8+ Kd7 38. Rb7+ Ke8 39. Re7+ Kd8 40. Rxf7 Bd4 41. Rxh7 c3 42. bxc3 Nxc3 1-0

[Event "Goiania Franca Memorial"]
[Site "Goiania"]
[Date "2019.10.19"]
[Round "3"]
[White "De Faria, Joao Vitor Rodrigue"]
[Black "Raggiotto, Mauro Cezar"]
[Result "1-0"]
[WhiteElo "1378"]
[BlackElo "1480"]
[PlyCount "105"]
[EventDate "2019.10.18"]
[EventType "swiss"]
[EventRounds "5"]
[EventCountry "BRA"]
[SourceTitle "CBM 193 Extra"]
[Source "ChessBase"]
[SourceDate "2020.01.31"]
[SourceVersion "1"]
[SourceVersionDate "2020.01.31"]
[SourceQuality "1"]

1. e4 e5 2. Bc4 Nf6 3. d3 c6 4. Nc3 Bc5 5. f4 d6 6. Na4 Qa5+ 7. Nc3 Qb6 8. Na4 Qa5+ 9. Nc3 b5 10. Bb3 Qb6 11. Nf3 Ng4 12. Rf1 Bf2+ 13. Ke2 Ne3 14. Qd2 Nxf1 15. Kxf1 Bc5 16. fxe5 Be6 17. Bxe6 fxe6 18. exd6 0-0 19. e5 Nd7 20. Ke1 Bd4 21. Qe2 Bxe5 22. Nxe5 Qg1+ 23. Kd2 Rf2 24. Nxd7 Rxe2+ 25. Nxe2 Qxg2 26. b3 Qxh2 27. Ba3 Re8 28. Rg1 Qh6+ 29. Kd1 a5 30. Nb6 Rd8 31. Bb2 g6 32. d7 Qe3 33. Bd4 Qf3 34. Be5 Qf7 35. Bc7 Rxd7 36. Nxd7 Qxd7 37. Bxa5 Qa7 38. b4 c5 39. a3 Kg7 40. Rg5 cxb4 41. axb4 Qd7 42. Rc5 h5 43. Rc7 Qxc7 44. Bxc7 g5 45. Nd4 Kf6 46. Ke2 e5 47. Nxb5 g4 48. Nd6 Kg5 49. Ne4+ Kf4 50. Kf2 h4 51. Kg2 g3 52. b5 Kg4 53. Nxg3 1-0

[Event "Goiania FEXEG Cup"]
[Site "Goiania"]
[Date "2019.05.19"]
[Round "5"]
[White "Colivet Gamboa, Julio Cesar"]
[Black "De Faria, Joao Vitor Rodrigue"]
[Result "1-0"]
[WhiteElo "1376"]
[BlackElo "1408"]
[PlyCount "99"]
[EventDate "2019.05.17"]
[EventType "swiss"]
[EventRounds "6"]
[EventCountry "BRA"]
[SourceTitle "EXT 2020"]
[Source "ChessBase"]
[SourceDate "2019.10.17"]
[SourceVersion "1"]
[SourceVersionDate "2019.10.17"]
[SourceQuality "1"]

1. e4 c5 2. Nf3 d6 3. d4 cxd4 4. Nxd4 Nf6 5. Nc3 g6 6. Be3 Bg7 7. f3 0-0 8. Qd2 Nc6 9. Bc4 Bd7 10. 0-0-0 a6 11. h4 Qa5 12. Kb1 Rac8 13. Bb3 Rfe8 14. g4 Ne5 15. Bg5 Nc4 16. Bxc4 Rxc4 17. Nb3 Qd8 18. h5 Be6 19. hxg6 fxg6 20. Qh2 Kf7 21. e5 Nd7 22. exd6 Qb6 23. dxe7 a5 24. Qxh7 Rh8 25. Qxh8 Bxh8 26. Rxh8 Nf6 27. Bxf6 Kxf6 28. e8Q Bf7 29. Qd8+ Qxd8 30. Rhxd8 a4 31. Nc1 g5 32. R1d6+ Kg7 33. Ne4 Rb4 34. Rd4 Rb6 35. Nxg5 Kg6 36. R4d6+ Rxd6 37. Rxd6+ Kxg5 38. Rd7 Bg6 39. Rxb7 Kf4 40. Rb4+ Kxf3 41. Rxa4 Kg3 42. b4 Kxg4 43. b5+ Kf5 44. b6 Be8 45. Ra5+ Ke6 46. b7 Kd7 47. b8Q Ke7 48. Qe5+ Kf7 49. Ra7+ Kf8 50. Qg7# 1-0

[Event "Goiania Goias op"]
[Site "Goiania"]
[Date "2018.10.20"]
[Round "4"]
[White "De Faria, Joao Vitor Rodrigue"]
[Black "De Araujo, Mauro Rogerio Peixo"]
[Result "1/2-1/2"]
[WhiteElo "1378"]
[BlackElo "1686"]
[PlyCount "32"]
[EventDate "2018.10.19"]
[EventType "swiss"]
[EventRounds "6"]
[EventCountry "BRA"]
[SourceTitle "CBM 187 Extra"]
[Source "ChessBase"]
[SourceDate "2018.11.04"]
[SourceVersion "1"]
[SourceVersionDate "2018.11.04"]
[SourceQuality "1"]

1. e4 c5 2. c3 Nc6 3. d4 d5 4. exd5 Qxd5 5. Be3 cxd4 6. cxd4 e5 7. Nc3 Bb4 8. Nf3 Bg4 9. Be2 exd4 10. Bxd4 Nxd4 11. Qxd4 Qxd4 12. Nxd4 Bxc3+ 13. bxc3 Bxe2 14. Kxe2 Nf6 15. Rab1 b6 16. Nb5 0-0 1/2-1/2

[Event "Trindade op"]
[Site "Trindade"]
[Date "2018.09.01"]
[Round "4"]
[White "Couto, Januario Pereira Do"]
[Black "De Faria, Joao Vitor Rodrigue"]
[Result "0-1"]
[WhiteElo "1540"]
[BlackElo "1309"]
[PlyCount "78"]
[EventDate "2018.08.31"]
[EventType "swiss"]
[EventRounds "6"]
[EventCountry "BRA"]
[SourceTitle "CBM 187 Extra"]
[Source "ChessBase"]
[SourceDate "2018.11.04"]
[SourceVersion "1"]
[SourceVersionDate "2018.11.04"]
[SourceQuality "1"]

1. e4 c5 2. Nf3 Nc6 3. c3 d5 4. e5 Bf5 5. d4 cxd4 6. cxd4 Nb4 7. Qa4+ Nc6 8. Bb5 Bd7 9. a3 a6 10. Bxc6 Bxc6 11. Qd1 g6 12. 0-0 Bg7 13. Nc3 h6 14. Be3 e6 15. b4 Ne7 16. h3 0-0 17. g4 g5 18. Kg2 Ng6 19. Ne2 Bb5 20. Rh1 Bxe2 21. Qxe2 f6 22. Qd3 Qe8 23. h4 fxe5 24. hxg5 e4 25. Qc2 exf3+ 26. Kf1 Rc8 27. Qb1 hxg5 28. Bxg5 Bxd4 29. Ra2 Qf7 30. Qd3 Rc4 31. Rh6 Kg7 32. Rc2 Bf6 33. Rxc4 dxc4 34. Qe3 Rd8 35. Bxf6+ Qxf6 36. Kg1 Rd1+ 37. Kh2 Qf4+ 38. Qxf4 Nxf4 39. Rh4 c3 0-1

[Event "Trindade op"]
[Site "Trindade"]
[Date "2018.09.01"]
[Round "3"]
[White "De Faria, Joao Vitor Rodrigue"]
[Black "Franca, Jairo Jr"]
[Result "0-1"]
[WhiteElo "1309"]
[BlackElo "1856"]
[PlyCount "142"]
[EventDate "2018.08.31"]
[EventType "swiss"]
[EventRounds "6"]
[EventCountry "BRA"]
[SourceTitle "CBM 187 Extra"]
[Source "ChessBase"]
[SourceDate "2018.11.04"]
[SourceVersion "1"]
[SourceVersionDate "2018.11.04"]
[SourceQuality "1"]

1. c4 Nf6 2. Nc3 e5 3. g3 Bb4 4. Qc2 0-0 5. Bg2 Nc6 6. e3 d6 7. Nge2 Be6 8. b3 Qd7 9. 0-0 Bh3 10. Bb2 Bxg2 11. Kxg2 d5 12. cxd5 Nxd5 13. a3 Be7 14. Qe4 Nf6 15. Qc2 Rad8 16. Rfd1 Qg4 17. h3 Qe6 18. b4 a6 19. Ne4 Nxe4 20. Qxe4 f5 21. Qc2 Bf6 22. d4 f4 23. exf4 exd4 24. Qd3 Rd7 25. f5 Qd5+ 26. Kg1 Ne5 27. Qb1 Nf3+ 28. Kf1 d3 29. Nf4 Qxf5 30. Bxf6 Qxf6 31. Nxd3 Kh8 32. Nc5 Nd2+ 33. Rxd2 Rxd2 34. Ne4 Rxf2+ 35. Kg1 Qd4 36. Nxf2 Qxf2+ 37. Kh1 Qxg3 38. Qe4 Qf3+ 39. Qxf3 Rxf3 40. Rd1 h6 41. Kg2 Rxa3 42. Rd7 Rb3 43. Rxc7 Rxb4 44. Kg3 Kh7 45. h4 h5 46. Rc5 Rb5 47. Rc4 g5 48. Re4 g4 49. Rf4 Kg6 50. Rf1 Rb3+ 51. Kg2 a5 52. Ra1 b6 53. Ra4 Kf5 54. Kf2 Rb4 55. Ra3 a4 56. Re3 Rb2+ 57. Ke1 Kf4 58. Ra3 b5 59. Kd1 g3 60. Kc1 Rf2 61. Rc3 g2 62. Rd3 g1Q+ 63. Rd1 Rf1 64. Rxf1+ Qxf1+ 65. Kc2 Qc4+ 66. Kd2 b4 67. Ke1 a3 68. Kd1 b3 69. Ke1 Kf3 70. Kd1 Qd3+ 71. Kc1 Qc2# 0-1

[Event "Goiania Xeque Mate U2200 2nd"]
[Site "Goiania"]
[Date "2018.07.28"]
[Round "1.7"]
[White "De Faria, Joao Vitor Rodrigue"]
[Black "Rosa, Paulo Estevao"]
[Result "0-1"]
[WhiteElo "1300"]
[BlackElo "1887"]
[PlyCount "102"]
[EventDate "2018.07.28"]
[EventType "swiss"]
[EventRounds "5"]
[EventCountry "BRA"]
[SourceTitle "EXT 2022"]
[Source "ChessBase"]
[SourceDate "2021.10.06"]
[SourceVersion "1"]
[SourceVersionDate "2021.10.06"]
[SourceQuality "1"]

1. e4 c6 2. Nf3 d5 3. Nc3 Bg4 4. exd5 cxd5 5. h3 Bh5 6. g4 Bg6 7. Bb5+ Nc6 8. Ne5 Rc8 9. d4 e6 10. h4 f6 11. Nxg6 hxg6 12. Qd3 Kf7 13. Bxc6 Rxc6 14. Bd2 Bb4 15. h5 gxh5 16. Rxh5 Rxh5 17. gxh5 f5 18. Qg3 Ne7 19. 0-0-0 Bd6 20. Qh4 Qh8 21. h6 gxh6 22. Rg1 Ng6 23. Qh5 Qh7 24. Kb1 Bf8 25. Ne2 Bd6 26. Qxh6 Qxh6 27. Bxh6 Rc8 28. Nc3 a6 29. Re1 Rh8 30. Bd2 Rh2 31. Rf1 Nh4 32. Ne2 Nf3 33. Be3 Rg2 34. Kc1 Nh2 35. Rg1 Rxg1+ 36. Nxg1 Ng4 37. Nf3 f4 38. Bd2 Nxf2 39. Ng1 Ne4 40. Be1 Kg6 41. Bh4 Kh5 42. Be1 Kg4 43. Bd2 f3 44. Kd1 f2 45. Ne2 f1Q+ 46. Be1 Be7 47. b3 Bg5 48. c4 Nf2+ 49. Kc2 Qxe2+ 50. Kb1 Qd1+ 51. Kb2 Qc1# 0-1

[Event "Goiania Xeque Mate U2200 2nd"]
[Site "Goiania"]
[Date "2018.07.28"]
[Round "2.10"]
[White "De Moura, Bruno Dias"]
[Black "De Faria, Joao Vitor Rodrigue"]
[Result "1-0"]
[WhiteElo "1515"]
[BlackElo "1300"]
[PlyCount "141"]
[EventDate "2018.07.28"]
[EventType "swiss"]
[EventRounds "5"]
[EventCountry "BRA"]
[SourceTitle "EXT 2022"]
[Source "ChessBase"]
[SourceDate "2021.10.06"]
[SourceVersion "1"]
[SourceVersionDate "2021.10.06"]
[SourceQuality "1"]

1. d4 c5 2. e3 b6 3. Nf3 Nf6 4. Bd3 Bb7 5. 0-0 g6 6. b3 Bg7 7. Bb2 0-0 8. Nbd2 d6 9. c4 Nbd7 10. d5 Re8 11. Re1 e6 12. e4 exd5 13. exd5 Rxe1+ 14. Qxe1 Qe8 15. Ne4 Nxe4 16. Bxg7 Kxg7 17. Bxe4 Nf6 18. Nd2 Nxe4 19. Qxe4 b5 20. Re1 Qxe4 21. Rxe4 bxc4 22. bxc4 Kf8 23. Rf4 Bc8 24. Ne4 Rb8 25. h3 Ke7 26. Ng5 Bf5 27. g4 h6 28. Nxf7 Kxf7 29. gxf5 Rb1+ 30. Kg2 Ra1 31. fxg6+ Kxg6 32. Re4 Rxa2 33. Re6+ Kh5 34. Rxd6 a5 35. Ra6 a4 36. d6 Rd2 37. Rxa4 Rxd6 38. Ra5 Rc6 39. f4 Kg6 40. Kf3 Kf5 41. h4 h5 42. Rb5 Rc7 43. Rb8 Ra7 44. Rf8+ Kg6 45. Ke4 Ra4 46. Kd5 Ra5 47. Rc8 Kf5 48. Rxc5 Rxc5+ 49. Kxc5 Kxf4 50. Kd5 Kg4 51. c5 Kxh4 52. c6 Kg3 53. c7 h4 54. c8Q h3 55. Qg8+ Kf4 56. Qf7+ Kg4 57. Qg6+ Kf4 58. Qg1 Kf5 59. Qh2 Kg4 60. Ke4 Kg5 61. Qxh3 Kf6 62. Qf5+ Ke7 63. Qg6 Kd7 64. Qf6 Kc7 65. Qe6 Kb7 66. Qd6 Ka7 67. Qc6 Kb8 68. Qd7 Ka8 69. Kd5 Kb8 70. Kc6 Ka8 71. Qb7# 1-0

[Event "Goiania Xeque Mate U2200 1st"]
[Site "Goiania"]
[Date "2018.06.02"]
[Round "1.4"]
[White "Rosa, Paulo Estevao"]
[Black "De Faria, Joao Vitor Rodrigue"]
[Result "1-0"]
[WhiteElo "1885"]
[BlackElo "1327"]
[PlyCount "145"]
[EventDate "2018.06.02"]
[EventType "swiss"]
[EventRounds "5"]
[EventCountry "BRA"]
[SourceTitle "EXT 2022"]
[Source "ChessBase"]
[SourceDate "2021.10.06"]
[SourceVersion "1"]
[SourceVersionDate "2021.10.06"]
[SourceQuality "1"]

1. c4 Nf6 2. g3 g6 3. Bg2 Bg7 4. Nc3 c5 5. Nf3 Nc6 6. 0-0 0-0 7. d3 b6 8. e4 d6 9. a3 Bb7 10. Rb1 a5 11. Ne1 e5 12. Bg5 h6 13. Bd2 Nd4 14. b4 axb4 15. axb4 Bc8 16. Nc2 Nxc2 17. Qxc2 Be6 18. Nb5 Qd7 19. Ra1 Rfd8 20. Ra2 Rxa2 21. Qxa2 Bh3 22. Ra1 Bxg2 23. Kxg2 h5 24. Qa7 Qxa7 25. Rxa7 Ne8 26. Rb7 cxb4 27. Bxb4 Ra8 28. Rxb6 Bf8 29. Nxd6 Nxd6 30. Bxd6 Bxd6 31. Rxd6 Kf8 32. Rd5 Ra3 33. Kf3 f6 34. Ke3 Ke7 35. Rb5 Ra6 36. h4 Kd7 37. Rb7+ Ke6 38. Rg7 Ra1 39. Rxg6 Re1+ 40. Kd2 Rf1 41. Ke2 Ra1 42. Rh6 Ra2+ 43. Ke3 Ra1 44. Rxh5 Re1+ 45. Kf3 Rd1 46. Ke2 Ra1 47. Rh8 Ra2+ 48. Kf3 Ra3 49. Rd8 Ke7 50. Rd5 Ra8 51. h5 Rh8 52. g4 Kf7 53. Kg3 Kg7 54. f4 exf4+ 55. Kxf4 Rb8 56. c5 Rb1 57. c6 Rf1+ 58. Ke3 Rc1 59. Rd7+ Kf8 60. c7 Ke8 61. Rd8+ Ke7 62. c8Q Rxc8 63. Rxc8 Kf7 64. Kf4 Kg7 65. Kg3 Kh6 66. Kf4 Kg7 67. Kf5 Kf7 68. Rc7+ Ke8 69. Kxf6 Kd8 70. Re7 Kc8 71. h6 Kd8 72. h7 Kc8 73. h8Q# 1-0

[Event "Goiania FEXEG Cup"]
[Site "Goiania"]
[Date "2018.05.18"]
[Round "2"]
[White "De Faria, Joao Vitor Rodrigue"]
[Black "Labussiere, Yago"]
[Result "0-1"]
[WhiteElo "1351"]
[BlackElo "1876"]
[PlyCount "100"]
[EventDate "2018.05.18"]
[EventType "swiss"]
[EventRounds "6"]
[EventCountry "BRA"]
[SourceTitle "CBM 184 Extra"]
[Source "ChessBase"]
[SourceDate "2018.06.28"]
[SourceVersion "1"]
[SourceVersionDate "2018.06.28"]
[SourceQuality "1"]

1. c4 g6 2. Nc3 Bg7 3. Nf3 d6 4. g3 Nf6 5. Bg2 0-0 6. 0-0 e5 7. e4 Nc6 8. d3 h6 9. Be3 Be6 10. Qd2 Ng4 11. Rfe1 Nxe3 12. Qxe3 Qd7 13. Qd2 f5 14. Rf1 g5 15. exf5 Bxf5 16. a3 Rae8 17. Rfe1 Bg4 18. Qe3 Nd4 19. Nxd4 exd4 20. Bd5+ Kh8 21. Qd2 dxc3 22. bxc3 c6 23. Rxe8 Rxe8 24. Bg2 Re2 25. Qc1 Qf5 26. Qf1 Bf3 27. d4 Re6 28. Bh3 g4 29. Bg2 Bxg2 30. Qxg2 Qe4 31. Qxe4 Rxe4 32. Kg2 c5 33. dxc5 dxc5 34. Rb1 b6 35. Rd1 Rxc4 36. Rd8+ Kh7 37. Rd7 Ra4 38. h4 Rxa3 39. c4 a6 40. f4 b5 41. f5 Kg8 42. Rd8+ Kf7 43. Rd7+ Kf6 44. Rd5 b4 45. Rxc5 b3 46. Rc6+ Kxf5 47. Rc5+ Be5 48. Rc8 b2 49. Rf8+ Ke4 50. c5 b1Q 0-1

[Event "Goiania STD op"]
[Site "Goiania"]
[Date "2018.03.10"]
[Round "4"]
[White "De Faria, Joao Vitor Rodrigue"]
[Black "Schroder, Luiz Victor Ferreir"]
[Result "1-0"]
[WhiteElo "1746"]
[BlackElo "1352"]
[PlyCount "81"]
[EventDate "2018.03.09"]
[EventType "swiss"]
[EventRounds "6"]
[EventCountry "BRA"]
[SourceTitle "CBM 183 Extra"]
[Source "ChessBase"]
[SourceDate "2018.04.19"]
[SourceVersion "1"]
[SourceVersionDate "2018.04.19"]
[SourceQuality "1"]

1. c4 e5 2. Nc3 Nf6 3. g3 g6 4. Bg2 Bg7 5. d3 Nc6 6. Nf3 0-0 7. 0-0 d6 8. b3 e4 9. dxe4 Nxe4 10. Nxe4 Bxa1 11. Bh6 Bg7 12. Bxg7 Kxg7 13. Qd2 Bf5 14. Nc3 Rb8 15. a4 a6 16. Nd4 Nxd4 17. Qxd4+ Kg8 18. Qa7 c6 19. Qe3 Re8 20. Qc1 Qc7 21. Qh6 Qa5 22. Qd2 Qc7 23. Re1 Qd7 24. e3 Rbd8 25. Rd1 Bh3 26. Ne4 Bxg2 27. Nf6+ Kf8 28. Nxd7+ Rxd7 29. Kxg2 Red8 30. Qc3 Kg8 31. c5 d5 32. Rd4 f5 33. g4 fxg4 34. Rxg4 Re8 35. h4 Rf7 36. h5 Rg7 37. f4 Ree7 38. f5 Rd7 39. hxg6 hxg6 40. Qe5 Rde7 41. Qb8+ 1-0